|
|
|
|
| LEADER |
00000cam a2200000 a 4500 |
| 001 |
vtls008270370 |
| 003 |
SK-MaSNL |
| 005 |
20260425235125.0 |
| 008 |
240509s2001 xo g n 000 0 slo |
| 015 |
|
|
|a SNBA2001
|
| 020 |
|
|
|a 8080554773
|q (viazané)
|
| 040 |
|
|
|a SNK
|b slo
|c SNK
|e AACR2
|
| 041 |
0 |
|
|a slo
|b eng
|
| 043 |
|
|
|a e-xo---
|
| 044 |
|
|
|a xo
|c SK
|
| 072 |
|
7 |
|a 34
|x Právo
|2 konspekt
|
| 080 |
|
|
|a 34
|2 2011
|
| 080 |
|
|
|a 34(091)
|2 2011
|
| 080 |
|
|
|a (437.6)
|2 2011
|
| 080 |
|
|
|a (075.8)
|2 2011
|
| 100 |
1 |
|
|a Beňa, Jozef,
|d 1949-
|4 aut
|9 88572
|
| 245 |
1 |
0 |
|a Vývoj slovenského právneho poriadku
|c Jozef Beňa
|
| 250 |
|
|
|a 1. vydanie
|
| 260 |
|
|
|a Banská Bystrica
|b Univerzita Mateja Bela
|c 2001
|
| 300 |
|
|
|a 391 strán
|c 21 cm
|
| 504 |
|
|
|a Obsahuje bibliografiu na strane 381-385 a vecný register
|
| 546 |
|
|
|a Resumé v angličtine
|
| 650 |
0 |
7 |
|a právo
|2 SNKPH
|9 976
|
| 650 |
0 |
7 |
|a právne dejiny
|2 SNKPH
|9 977
|
| 651 |
|
7 |
|a Slovensko
|2 SNKPHgeo
|9 14231
|
| 655 |
|
7 |
|a učebnice vysokých škôl
|2 SNKPH
|9 70191
|
| 852 |
|
|
|a Slovenská národná knižnica
|
| 919 |
|
|
|a 80-8055-477-3
|
| 954 |
|
|
|a odborná, vedecká literatúra pôvodná (slovenská)
|2 lita
|
| 958 |
|
|
|a NB
|
| 999 |
|
|
|c 820367
|d 822297
|
| 952 |
|
|
|a SNK
|b SNK
|y PREZ
|7 0
|p 17A1536342
|o snkSC 208476
|i snk2024/14708
|8 7
|0 0
|1 0
|4 0
|d 2024-09-24
|l 0
|r 2025-10-31 00:00:00
|w 2026-02-24
|